|
|
|
|
| LEADER |
00000nab a2200000 ar4500 |
| 001 |
vtls010000341 |
| 003 |
SK-MaSNL |
| 005 |
20260318124411.0 |
| 008 |
091116c2009 xo |||||||| 000 b|hun |
| 015 |
|
|
|a SNBRB2009/11
|2 snkbucl
|
| 038 |
|
|
|a SNKBUCL
|
| 040 |
|
|
|a DSZK
|b slo
|c DSZK
|e AACR2
|
| 041 |
0 |
|
|a hun
|
| 044 |
|
|
|a xo
|c SK
|
| 080 |
|
|
|a 373.24
|x (437.6)
|2 2001
|
| 080 |
|
|
|a 81'24
|x (437.6)
|2 2001
|
| 080 |
|
|
|a 37.02
|2 2001
|
| 100 |
1 |
|
|a Stirber, Lajos,
|d 1942-
|4 aut
|9 103376
|
| 245 |
1 |
0 |
|a Ez már több mint felháborító
|c Stirber Lajos
|
| 500 |
|
|
|a Reakcia na článok Mikolaj sem tud ragozni / [szerző] (vk). Új szó. - Évf. 62, sz. 95 (25.4.2009), o. 3
|
| 600 |
1 |
7 |
|a Mikolaj, Ján,
|d 1953-
|2 snkbucl
|9 88543
|
| 610 |
1 |
7 |
|a Slovensko.
|b Ministerstvo školstva
|2 snkbucl
|
| 610 |
2 |
7 |
|a Štátny pedagogický ústav (Bratislava, Slovensko)
|2 snkbucl
|9 34859
|
| 650 |
0 |
7 |
|a materské školy
|2 SNKPH
|9 1278
|
| 650 |
0 |
7 |
|a štátny jazyk
|2 snkbucl
|9 19393
|
| 650 |
0 |
7 |
|a metodika
|2 snkbucl
|9 280023
|
| 773 |
0 |
|
|t Pedagógusfórum
|g Évf. VIII, sz. 5-6 (2009), o. 35
|
| 852 |
|
|
|a SNK
|b KIS3GCP
|
| 852 |
|
|
|a DSZK
|b KIS3GCP
|
| 958 |
|
|
|a HU
|
| 958 |
|
|
|a SK
|
| 999 |
|
|
|c 2987421
|d 2989351
|